000
00329nam a2200145Ia 4500
003
OSt
005
20231219093219.0
008
170524s9999 xx 000 0 und d
020
_a
9781580624589
040
_c
IIMT UNIVERSITY
100
_a
Ford Lisa
245
0
_a
Exceptional CostUmer Service
260
_a
Viva
942
_2
ddc
_c
02
999
_c
3255
_d
3255